Romanian Nouns: Everyday Things 4 - Statistics

General Stats
  • This quiz has been taken 12 times
    4 since last reset
  • The average score is 60 of 300
Answer Stats
Română English % Correct
Adopție/Adoptare Adoption
67%
Ambiguitate Ambiguity
67%
Badminton Badminton
67%
Camuflaj Camouflage
67%
Carieră Career
67%
Convenție Convention
67%
Decorațiune/Decorare Decoration
67%
Detecție/Detectare Detection
67%
Smarald Emerald
67%
Etică Ethics
67%
Execuție/Executare Execution
67%
Fotbal Football
67%
Fracție/Fracțiune Fraction
67%
Gratitudine Gratitude
67%
Ideologie Ideology
67%
Inaugurare Inauguration
67%
Intimidare Intimidation
67%
Jurnalism Journalism
67%
Limuzină Limousine
67%
Literatură Literature
67%
Malnutriție Malnutrition
67%
Medalie Medal
67%
Mențiune Mention
67%
Modificare Modification
67%
Negociere Negotiation
67%
Observație/Observare Observation
67%
Opoziție Opposition
67%
Radar Radar
67%
Segment Segment
67%
Traducător/Traducătoare Translator
67%
Versatilitate Versatility
67%
Vizibilitate Visibility
67%
Absență Absence
33%
Adulție/Vârsta adultă Adulthood
33%
Alfabet Alphabet
33%
Ametist Amethyst
33%
Ancoră Anchor
33%
Artefact Artifact
33%
Artilerie Artillery
33%
Halat de baie Bathrobe
33%
Bibliografie Bibliography
33%
Jaluzele/Storuri Blinds
33%
Plictiseală/Plictis Boredom
33%
Calcul/Calculare Calculation
33%
Caricatură Caricature
33%
Desen animat Cartoon
33%
Clic Click
33%
Comparație/Comparare Comparison
33%
Confruntare Confrontation
33%
Considerație Consideration
33%
Corecție/Corectare Correction
33%
Blat (kitchen)/Tejghea (stores) Counter
33%
Cruzime Cruelty
33%
Cult Cult
33%
Dezactivare Deactivation
33%
Diamant Diamond
33%
Dispariție Disappearance
33%
Dispută Dispute
33%
Rochie Dress
33%
Permis de conducere Drivers license
33%
Condus Driving
33%
Editorial Editorial
33%
Ecuație Equation
33%
Eradicare Eradication
33%
Estimare Estimation
33%
Îngrășământ/Fertilizant Fertilizer
33%
Alarmă de incendiu Fire alarm
33%
Mașină de pompieri/Autospecială de pompieri Firetruck
33%
Flexibilitate Flexibility
33%
Grădinărit Gardening
33%
Obicei Habit
33%
Tunsoare/Tuns Haircut
33%
Handbal Handball
33%
Cătușe Handcuffs
33%
Elicopter Helicopter
33%
Cireadă Herd
33%
Pantofi cu toc înalt/Tocuri înalte High heels
33%
Teme Homework
33%
Hipnoză Hypnosis
33%
Imagine Image
33%
Incident Incident
33%
Inegalitate Inequality
33%
Infamie Infamy
33%
Infinitate/Infinit Infinity
33%
Inflexibilitate Inflexibility
33%
Cerneală/Tuș Ink
33%
Intoxicație/Intoxicare Intoxication
33%
Invenție Invention
33%
Fier de călcat Iron
33%
Alergare ușoară Jog
33%
Justificare Justification
33%
Învățare Learning
33%
Lesă Leash
33%
Literă/Scrisoare Letter
33%
Încuietoare Lock
33%
Dulap de depozitare/Dulap școlar/Dulap de la vestiar Locker
33%
Meniu Menu
33%
Motiv Motive
33%
Motocicletă Motorcycle
33%
Nevoie/Trebuință Need
33%
Obscuritate Obscurity
33%
Orbită Orbit
33%
Labă Paw
33%
Pedală Pedal
33%
Fază Phase
33%
Târnăcop Pickaxe
33%
Mașină de poliție/Autospecială de poliție Police car
33%
Poluare Pollution
33%
Postare Post
33%
Cod poștal Postal code
33%
Proclamație/Proclamare Proclamation
33%
Prolog Prologue
33%
Promisiune Promise
33%
Punctuație Punctuation
33%
Radianță Radiance
33%
Aparat de ras/Lamă de ras Razor
33%
Reparație/Reparare Reparation
33%
Resentiment Resentment
33%
Rezervare/Rezervă/Rezervație Reservation
33%
Reziliență Resilience
33%
Restricție/Restricționare Restriction
33%
Retorică Rhetoric
33%
Jaf/Tâlhărie Robbery
33%
Robot Robot
33%
Joc de rol Roleplay
33%
Cauciuc Rubber
33%
Ruptură Rupture
33%
Secret Secret
33%
Separare Separation
33%
Ax Shaft
33%
Fior Shiver
33%
Placă de skate Skateboard
33%
Schi Ski
33%
Somn Sleep
33%
Placă de snowboard Snowboard
33%
Înot Swimming
33%
Tatuaj Tattoo
33%
Muncă în echipă/Lucru în echipă Teamwork
33%
Telescop Telescope
33%
Căsuță în copac Treehouse
33%
Trib Tribe
33%
Unificare Unification
33%
Uniformă Uniform
33%
Văl/Voal Veil
33%
Vizită Visit
33%
Volei Volleyball
33%
Plimbare Walk
33%
Lână Wool
33%
Abolire Abolition
0%
Ghindă Acorn
0%
Activare Activation
0%
Altar/Jertfelnic Altar
0%
Ascendență Ancestry
0%
Angoasă Anguish
0%
Însușire/Apropiere Appropriation
0%
Audiție Audition
0%
Nadă (also lure) Bait
0%
Fagot Bassoon
0%
Biliard (also pool) Billiards
0%
Vitejie Bravery
0%
Luminozitate Brightness
0%
Broșă Brooch
0%
Repelent de insecte Bug spray
0%
Caravană/Rulotă (also trailer, camper) Caravan
0%
Cenzură Censorship
0%
Cărbune/Huilă Coal
0%
Comic/Bandă desenată Comic
0%
Navetă Commute
0%
Balsam de păr Conditioner
0%
Confidențialitate Confidentiality
0%
Curtare Courtship
0%
Crăpătură Crack
0%
Crichet Cricket
0%
Rangă Crowbar
0%
Cutumă/Vamă (travel) Custom
0%
Pumnal/Jungher Dagger
0%
Dezbatere Debate
0%
Dedicație/Dăruire Dedication
0%
Privare Deprivation
0%
Ocol/Ocolire Detour
0%
Dizgrație Disgrace
0%
Neascultare/Nesupunere Disobedience
0%
Dozator Dispenser
0%
Minge evazivă Dodgeball
0%
Dominantă Dominance
0%
Bormașină Drill
0%
Curățătorie chimică Dry cleaning
0%
Elevație Elevation
0%
Încurajare Encouragement
0%
Criptare Encryption
0%
Avizare Endorsement
0%
Intrare (also entrance) Entry
0%
Curs de schimb Exchange rate
0%
Epuizare/Istovire Exhaustion
0%
Fațadă Façade
0%
Facțiune Faction
0%
Fascinație Fascination
0%
Ispravă Feat
0%
Excursie școlară/Excursie de studiu/Excursie educațională Field trip
0%
Trusă de prim ajutor First aid kit
0%
Ață dentară Floss
0%
Nestemată Gem
0%
Gest Gesture
0%
Bârfă Gossip
0%
Grație/Har (religious) Grace
0%
Răzătoare Grater
0%
Scaun înalt pentru copii High chair
0%
Perforator Hole puncher
0%
Dor de casă Homesickness
0%
Deznădejde Hopelessness
0%
Cadă cu hidromasaj Hot tub
0%
Nerăbdare Impatience
0%
Interes/Dobândă (money) Interest
0%
Stagiu/Stagiatură Internship
0%
Interpretare Interpretation
0%
Intimitate Intimacy
0%
Masă de călcat Ironing board
0%
Bruiaj (also interference) Jamming
0%
Breloc/Portchei Keychain
0%
Aterizare/Palier (stairs) Landing
0%
Reper Landmark
0%
Peisaj Landscape
0%
Legitimitate Legitimacy
0%
Pârghie (also leverage) Lever
0%
Neam Lineage
0%
Litieră Litter box
0%
Logo Logo
0%
Război de țesut Loom
0%
Întreținere/Mentenanță Maintenance
0%
Defecțiune/Eroare de funcționare Malfunction
0%
Malițiozitate/Răuvoință Malice
0%
Saltea Mattress
0%
Întâmplare nefericită Misadventure
0%
Concepție greșită Misconception
0%
Abatere/Conduită necorespunzătoare Misconduct
0%
Nenorocire/Ghinion Misfortune
0%
Interpretare greșită/Interpretare eronată Misinterpretation
0%
Maltratare Mistreatment
0%
Poză de arest/Fotografie judiciară Mugshot
0%
Nișă Niche
0%
Poreclă Nickname
0%
Piuliță (tool) Nut
0%
Ascultare (also listening)/Obediență Obedience
0%
Ocupație/Ocupare Occupation
0%
Ornament/Podobă (religious) Ornament
0%
Creșterea copiilor Parenting
0%
Liberare condiționată/Eliberare condiționată Parole
0%
Fluturaș de salariu Paycheck
0%
Perlă Pearl
0%
Ascuțitoare/Ascuțitoare de creion Pencil sharpener
0%
Fotocopiator Photocopier
0%
Pușculiță Piggy bank
0%
Plagiat Plagiarism
0%
Previzibilitate Predictability
0%
Elice/Propulsor (system) Propeller
0%
Rată Rate
0%
Recreere Recreation
0%
Trimitere Referral
0%
Înregistrare/Înmatriculare (vehicles) Registration
0%
Întinerire/Rejuvenare Rejuvenation
0%
Lansare (also launch) Release
0%
Raport/Reportaj Report
0%
Carnet de note/Foaie matricolă Report card
0%
Ordin de restricție Restraining order
0%
Comerț cu amănuntul/Vânzare cu amănuntul Retail
0%
Reînviere Revival
0%
Răget/Vuiet Roar
0%
Fierăstrău Saw
0%
Aromă Scent
0%
Pecete Seal
0%
Ape uzate/Ape reziduale Sewage
0%
Mașină de cusut Sewing machine
0%
Cremă de ras/Spumă de ras Shaving cream
0%
Zgârie-nori Skyscraper
0%
Fantă (also slot) Slit
0%
Scuipat Spit
0%
Aspersor/Stropitor Sprinkler
0%
Strictețe Strictness
0%
Suprimare Suppression
0%
Placă de surf Surfboard
0%
Întrerupător/Comutator Switch
0%
Sufler electronic/Teleprompter Teleprompter
0%
Prag Threshold
0%
Tutun Tobacco
0%
Comerț Trade
0%
Marcă înregistrată/Marcă comercială Trademark
0%
Remorcă Trailer
0%
Tramvai Tram
0%
Tranziție Transition
0%
Trăgaci (gun)/Declanșator Trigger
0%
Trinitate Trinity
0%
Triumf Triumph
0%
Imprevizibilitate Unpredictability
0%
Vehicul/Autovehicul/Autospecială (special-purpose) Vehicle
0%
Zonă de război Warzone
0%
Deșeu/Risipă Waste
0%
Ceară Wax
0%
Puț (also shaft) Well
0%
Închinare Worship
0%
Tinerețe Youth
0%
No matching quizzes found
Score Distribution
Percent of People with Each Score
Percentile by Number Answered
Your Score History
You have not taken this quiz since the last reset